Karatay : (Record no. 15210)

MARC details
000 -BAŞLIK
Sabit Uzunlukta Kontrol Alanı 00814nam a22002417a 4500
999 ## - SİSTEM KONTROL NUMARALARI (KOHA)
Koha Biblionumber 15210
Koha Biblioitemnumber 15210
003 - KONTROL NUMARASI IDENTIFIER
Denetim Alanı MIRAKIL
005 - SON İŞLEM TARİHİ VE ZAMANI
Denetim Alanı 20230424124537.0
008 - SABİT-BOY VERİ ELEMANLARI - GENEL BİLGİLER
Sabit Uzunlukta Kontrol Alanı 230424b tu ||||| |||| 00| 0 tur d
020 ## - ULUSLARARASI STANDART KİTAP NUMARASI
Uluslararası Standart Kitap Numarası 9789759209421 (1.c.)
040 ## - KATALOGLAMA KAYNAK
Orijinal Kataloglama Ajansı TR-AnCHP
Metne Dönüştürmek Ajansı TR-AnCHP
041 ## - DİL KODU
Metin / Ses Parça Veya Ayrı Başlığın Dil Kodu tur
082 ## - DEWEY ONLU SINIFLANDIRMA NUMARASI
Sınıflandırma Numarası 956.521
Ürün Numarası K26 2012
245 10 - BAŞLIK TABLOSU
Başlık Karatay :
Başlığın Kalan tarih-kültür-sanat /
Sorumluluk Tablosu, Vb editörler: Yusuf Küçükdağ, Yaşar Erdemir, Bekir Şahin.
246 ## - UNVAN FORM VARYING
Başlık Doğru / Kısa Başlığı tarih-kültür-sanat
260 ## - YAYIN, DAĞITIM, VB
Yayın, Dağıtım, Vb Yeri Konya :
Yayıncı, Dağıtıcı, Vs Adı Karatay Belediyesi,
Yayın, Dağıtım, Vb Tarihi 2012.
300 ## - FİZİKSEL TANIM
Kapsam c. "1.", (xiv, 561 s.) :
Diğer Fiziksel Ayrıntıları fotğ., plan ;
Boyutlar 30 sm.
504 ## - KAYNAKÇA VB NOT
Kaynakça Vb Notu Bibliyografik bilgi içerir.
651 #0 - KONU KATMA GİRİŞ - COĞRAFİ ADI
9 (RLIN) 7384
Coğrafi İsim Karatay (Konya, Türkiye)
Genel Alt Bölümü Tarih
700 ## - KATMA GİRİŞ - KİŞİSEL İSİM
9 (RLIN) 7385
Kişisel Ad Küçükdağ, Yusuf
Relator Terim ed.
700 ## - KATMA GİRİŞ - KİŞİSEL İSİM
9 (RLIN) 7386
Kişisel Ad Erdemir, Yaşar
Relator Terim ed.
700 ## - KATMA GİRİŞ - KİŞİSEL İSİM
9 (RLIN) 7387
Kişisel Ad Şahin, Bekir
Relator Terim ed.
942 ## - EKLENDİ GİRİŞ ELEMANLARI (KOHA)
Sınıflandırma Veya Raf Düzeni Kaynak Dewey Decimal Classification
Koha Öğesi Türü Books
Holdings
Kalıcı Konum Mevcut Konum Edinme Tarihi Toplam Check-Out'Lar Tam Çağrı Numarası Barkod Tarih Son Görülme Kopya Sayısı İtibaren Geçerli Fiyatlar Koha Öğesi Türü
CHP Kütüphanesi CHP Kütüphanesi 04/24/2023   956.521 K26 2012 020798 04/24/2023 C.1 04/24/2023 Books